O clã dos magos / (Record no. 100)

MARC details
000 -LÍDER
campo de controle de tamanho fixo 01882nam a22003617a 4500
001 - NÚMERO DE CONTROLE
campo de controle 100
003 - IDENTIFICADOR DO NÚMERO DE CONTROLE
campo de controle OSt
005 - DATA E HORÁRIO DA ÚLTIMA TRANSAÇÃO
campo de controle 20250528074011.0
008 - CAMPO DE DADOS FIXOS--INFORMAÇÃO GERAL
campo de controle de tamanho fixo 250124b |||||||j |||| 00| 1 eng d
020 ## - ISBN - INTERNATIONAL STANDARD BOOK NUMBER
ISBN - International Standard Book Number 9788581630007
040 ## - FONTE DA CATALOGAÇÃO
Idioma da catalogação por
041 ## - CÓDIGO DE IDIOMA
Código do idioma do original e/ou traduções intermediárias do texto eng
Código do idioma do texto/trilha sonora ou título diferente por
082 ## - CDD - CLASSIFICAÇÃO DECIMAL DE DEWEY
Número de Classificação 823
Número do exemplar C213c
100 1# - ENTRADA PRINCIPAL--NOME PESSOAL
Nome pessoal Canavan, Trudi,
Datas associadas ao nome 1969-
9 (RLIN) 218
240 ## - TÍTULO UNIFORME
Título uniforme The Black magician´s Guild
245 ## - TÍTULO
Título O clã dos magos /
Indicação de responsabilidade, etc. Canavan, Trudi ; Tradução de Robson Falcheti Peixoto
260 ## - PUBLICAÇÃO, DISTRIBUIÇÃO, ETC.
Local de publicação, distribuição, etc. São Paulo
Nome do editor, distribuidor, etc. Novo Conceito
Data da publicação, distribuição, etc. 2012
300 ## - DESCRIÇÃO FÍSICA
Extensão 446 p.
490 1# - TÍTULO DA SÉRIE
Título da série A trilogia do mago negro
Número do volume ou designação sequencial da série Livro 01
500 ## - NOTA GERAL
Nota geral O clã dos magos
520 ## - NOTA DE RESUMO, ETC.
Resumo, etc. Todos os anos, os magos de Imardin reúnem-se para purificar as ruas da cidade dos pedintes, criminosos e vagabundos. Mestres das disciplinas de magia, sabem que ninguém pode opor-se a eles. No entanto, seu escudo protetor não é tão impenetrável quanto acreditam.<br/>Enquanto a multidão é expurgada da cidade, uma jovem garota de rua, furiosa com o tratamento dispensado pelas autoridades a sua família e amigos, atira uma pedra ao escudo protetor, colocando nisso toda a raiva que sente. Para o espanto de todos que testemunham a ação, a pedra atravessa sem dificuldades a barreira e deixa um dos mágicos inconsciente.<br/>Trata-se de um ato inconcebível, e o maior medo da Clã de repente se concretiza: uma maga não treinada está à solta pelas ruas. Ela deve ser encontrada, e rápido, antes que seus poderes fiquem fora de controle e destruam a todos.
650 #0 - ASSUNTO--TERMO TÓPICO
Cabeçalho tópico ou nome geográfico Literatura australiana
9 (RLIN) 219
650 #0 - ASSUNTO--TERMO TÓPICO
Cabeçalho tópico ou nome geográfico Fantasia
9 (RLIN) 45
650 #0 - ASSUNTO--TERMO TÓPICO
Cabeçalho tópico ou nome geográfico Aventura
9 (RLIN) 47
650 #0 - ASSUNTO--TERMO TÓPICO
Cabeçalho tópico ou nome geográfico Infantojuvenil
9 (RLIN) 200
650 #0 - ASSUNTO--TERMO TÓPICO
Cabeçalho tópico ou nome geográfico Medieval
9 (RLIN) 170
650 #0 - ASSUNTO--TERMO TÓPICO
Cabeçalho tópico ou nome geográfico Seres mágicos
9 (RLIN) 46
655 #0 - TERMO DE ÍNDICE--GÊNERO E FORMA
Gênero/forma/ou termo foco Romance
655 #0 - TERMO DE ÍNDICE--GÊNERO E FORMA
Gênero/forma/ou termo foco Ficção
700 ## - ENTRADA ADICIONADA - NOME PESSOAL
Nome pessoal Robson Falcheti Peixoto
Função do autor por extenso Tradutor
9 (RLIN) 220
830 ## - ENTRADA SECUNDÁRIA DE SÉRIE--TÍTULO UNIFORME
Título uniforme A trilogia do mago negro
Número do volume ou designação sequencial da série Livro 01
9 (RLIN) 221
942 ## - ELEMENTOS DE ENTRADA ADICIONADOS (KOHA)
Fonte de classificação ou esquema de arquivamento Classificação decimal de Dewey
Ocultar no OPAC Não
Tipo de material Koha Livros
Holdings
Situação do descarte Situação das perdas Fonte de classificação ou esquema de arquivamento Materiais especificados (volume encadernado ou outra parte) Status danificado Não pode ser emprestado Coleção Biblioteca de origem Biblioteca atual Localização na estante Data de aquisição Fonte de aquisição Total de empréstimos Número de chamada completo Código de barras Data de último acesso Número do exemplar Data do preço efetivo Tipo de material Koha
    Classificação decimal de Dewey vol. 01     Ficção Biblioteca Professor Eduardo Afonso de Castro Biblioteca Professor Eduardo Afonso de Castro Literatura Estrangeira 04.07.2024 doação   823 / C213c 2025-16672 24.01.2025 Ex. 01 24.01.2025 Livros
    Classificação decimal de Dewey vol. 01     Ficção Biblioteca Professor Eduardo Afonso de Castro Biblioteca Professor Eduardo Afonso de Castro Literatura Estrangeira 03.04.2025 doação   823 / C213c 2025-17311 03.04.2025 Ex. 02 03.04.2025 Livros

Powered by Koha